| 000 | 00341 a2200145 4500 | ||
|---|---|---|---|
| 082 | _a301 | ||
| 090 |
_c5808 _d5808 |
||
| 100 | _aHaralambos | ||
| 245 |
_aSociology _bThemes and Perspectives _cHaralambos |
||
| 250 | _a5th | ||
| 260 |
_aLahore _bFarhan Raza Printers |
||
| 300 | _a1116p | ||
| 500 | _aHard cover | ||
| 942 |
_aNBS _cBK _k301 HAR |
||
| 999 |
_c348207 _d348207 |
||